[Event "Veliko Gradiste Silver Lake op-A"]
[Site "Veliko Gradiste"]
[Date "2023.06.21"]
[Round "5"]
[White "Ninkovic, Vladan"]
[Black "Swapna, CN."]
[Result "0-1"]
[WhiteElo "2099"]
[BlackElo "1793"]
[PlyCount "78"]
[EventDate "2023.06.18"]
[EventType "swiss"]
[EventRounds "9"]
[EventCountry "SRB"]
[SourceTitle "CBM 215 Extra"]
[Source "ChessBase"]
[SourceDate "2023.09.30"]
[SourceVersion "1"]
[SourceVersionDate "2023.09.30"]
[SourceQuality "1"]

1. d4 f5 2. g3 e6 3. Bg2 Nf6 4. Nh3 d5 5. 0-0 Bd6 6. c4 c6 7. Bf4 0-0 8. Nd2 Ng4 9. Nf3 h6 10. Bxd6 Qxd6 11. Nf4 Kh7 12. c5 Qc7 13. h3 Nf6 14. Ne5 g5 15. Nfd3 Nbd7 16. e3 Nxe5 17. dxe5 Nd7 18. f4 gxf4 19. exf4 b6 20. cxb6 Qxb6+ 21. Rf2 Ba6 22. Bf1 Bxd3 23. Bxd3 Nc5 24. Bc2 Rg8 25. g4 Rad8 26. Rg2 Nd3+ 27. Kh2 Nxf4 28. Qf3 Nxg2 29. Qxg2 Qe3 30. Rf1 Qxe5+ 31. Kh1 d4 32. Qf3 Kh8 33. gxf5 Rg3 34. Qf4 Qxf4 35. Rxf4 d3 36. Bd1 e5 37. Rh4 Kh7 38. Rc4 Rdg8 39. Bg4 R8xg4 0-1

[Event "Veliko Gradiste Silver Lake op-A"]
[Site "Veliko Gradiste"]
[Date "2023.06.19"]
[Round "2"]
[White "Sahin, Sarp"]
[Black "Ninkovic, Vladan"]
[Result "1-0"]
[WhiteElo "1921"]
[BlackElo "2099"]
[PlyCount "65"]
[EventDate "2023.06.18"]
[EventType "swiss"]
[EventRounds "9"]
[EventCountry "SRB"]
[SourceTitle "CBM 215 Extra"]
[Source "ChessBase"]
[SourceDate "2023.09.30"]
[SourceVersion "1"]
[SourceVersionDate "2023.09.30"]
[SourceQuality "1"]

1. e4 e5 2. Nf3 Nc6 3. Bb5 a6 4. Ba4 Nf6 5. 0-0 Be7 6. Re1 b5 7. Bb3 0-0 8. a4 Bb7 9. d3 d6 10. Nbd2 Nd4 11. Ba2 Nxf3+ 12. Nxf3 c5 13. c3 Qc7 14. Bg5 Rfe8 15. Nh4 h6 16. Bxf6 Bxf6 17. Nf5 c4 18. dxc4 Red8 19. cxb5 axb5 20. axb5 Qc5 21. Qf3 d5 22. Bxd5 Rxa1 23. Rxa1 Rxd5 24. exd5 Bxd5 25. Qe2 Bc4 26. Qc2 g6 27. Nxh6+ Kg7 28. Ng4 Bg5 29. Qe4 Bf4 30. Qc6 Qxc6 31. bxc6 e4 32. Ne3 Bb5 33. Nd5 1-0

[Event "SRB-chT3 North CS"]
[Site "Sabac"]
[Date "2014.10.03"]
[Round "2"]
[White "Stojkovic, Predrag S"]
[Black "Ninkovic, Vladan"]
[Result "1-0"]
[WhiteElo "2196"]
[BlackElo "2122"]
[PlyCount "71"]
[EventDate "2014.10.02"]
[EventType "team-swiss"]
[EventRounds "6"]
[EventCountry "SRB"]
[SourceTitle "EXT 2021"]
[Source "ChessBase"]
[SourceDate "2020.10.23"]
[SourceVersion "1"]
[SourceVersionDate "2020.10.23"]
[SourceQuality "1"]

1. d4 Nf6 2. c4 e6 3. Nf3 b6 4. g3 Ba6 5. Nbd2 Bb4 6. Qb3 Bxd2+ 7. Bxd2 0-0 8. Bg2 Bb7 9. 0-0 Ne4 10. Bf4 d6 11. Qc2 f5 12. Ng5 Qe7 13. Nxe4 fxe4 14. Bxe4 Bxe4 15. Qxe4 Nd7 16. Rad1 Nf6 17. Qd3 e5 18. dxe5 dxe5 19. Bg5 Rad8 20. Qc2 c5 21. Bxf6 gxf6 22. e3 Qe6 23. b3 f5 24. Rxd8 Rxd8 25. Rd1 Rxd1+ 26. Qxd1 Kg7 27. Qd8 Kg6 28. h4 h6 29. Qd3 Qc6 30. a4 Qf3 31. Qd6+ Kh7 32. Qxe5 Qd1+ 33. Kg2 Qc2 34. Qe7+ Kg6 35. Qe6+ Kg7 36. h5 1-0

[Event "SRB-chT3 North CS"]
[Site "Serbia"]
[Date "2012.09.23"]
[Round "4.2"]
[White "Popovic, Nenad"]
[Black "Ninkovic, Vladan"]
[Result "1-0"]
[WhiteElo "2349"]
[BlackElo "2122"]
[PlyCount "77"]
[EventDate "2012.09.21"]
[EventType "team"]
[EventRounds "10"]
[EventCountry "SRB"]
[SourceTitle "EXT 2015"]
[Source "ChessBase"]
[SourceDate "2014.11.20"]
[SourceVersion "1"]
[SourceVersionDate "2014.11.20"]
[SourceQuality "1"]

1. d4 Nf6 2. Nf3 e6 3. g3 b6 4. Bg2 Bb7 5. 0-0 Be7 6. c4 0-0 7. Nc3 Ne4 8. Bd2 d6 9. Qc2 Nxc3 10. Bxc3 f5 11. d5 e5 12. Nd2 Nd7 13. f4 e4 14. g4 e3 15. Nf3 fxg4 16. Nd4 Bh4 17. Nf5 Bf2+ 18. Kh1 Nf6 19. Rxf2 exf2 20. Ng3 h5 21. Qg6 Qe8 22. Qg5 Qf7 23. Nf5 Kh7 24. Nh4 Rfe8 25. Qf5+ Kg8 26. Qd3 Rad8 27. Rf1 Qe7 28. e4 c6 29. Nf5 Qf7 30. e5 dxe5 31. fxe5 cxd5 32. exf6 dxc4 33. Qg3 Rd3 34. Qxf2 Bf3 35. Nd4 Bxg2+ 36. Qxg2 g5 37. Nf5 Kh7 38. Ne7 Re3 39. Qc2+ 1-0

[Event "SRB-chT3 Liga Nord CS"]
[Site "Serbia"]
[Date "2011.09.11"]
[Round "1.23"]
[White "Ninkovic, Vladan"]
[Black "Djuric, Zoran"]
[Result "1/2-1/2"]
[WhiteElo "2177"]
[BlackElo "2254"]
[PlyCount "65"]
[EventDate "2011.09.11"]
[EventType "team"]
[EventRounds "11"]
[EventCountry "SRB"]
[SourceTitle "EXT 2015"]
[Source "ChessBase"]
[SourceDate "2014.11.20"]
[SourceVersion "1"]
[SourceVersionDate "2014.11.20"]
[SourceQuality "1"]

1. d4 d5 2. c4 e6 3. Nc3 Nf6 4. Bg5 c6 5. e3 Bb4 6. Bxf6 Qxf6 7. Nf3 Nd7 8. Qb3 Qe7 9. a3 Ba5 10. Be2 Bc7 11. Rc1 Bd6 12. h4 f5 13. g3 0-0 14. Nd2 Kh8 15. f4 Nf6 16. Nd1 dxc4 17. Nxc4 Ne4 18. Rg1 Bc7 19. Nf2 b5 20. Nd2 Nxd2 21. Kxd2 Bb7 22. Bf3 Rfc8 23. Ke2 Bd6 24. Nd3 c5 25. Qxb5 Bxf3+ 26. Kxf3 Rcb8 27. Qc4 cxd4 28. exd4 Rb6 29. Rge1 Re8 30. Re2 h6 31. Nc5 Bxc5 32. dxc5 Rc6 33. Qa4 1/2-1/2

[Event "SRB-chT3 North"]
[Site "Kragujevac"]
[Date "2010.10.10"]
[Round "5"]
[White "Ninkovic, Vladan"]
[Black "Tojagic, Dane"]
[Result "0-1"]
[WhiteElo "2175"]
[BlackElo "2279"]
[PlyCount "86"]
[EventDate "2010.09.12"]
[EventType "team"]
[EventRounds "11"]
[EventCountry "SRB"]
[SourceTitle "EXT 2012"]
[Source "ChessBase"]
[SourceDate "2011.11.24"]
[SourceVersion "1"]
[SourceVersionDate "2011.11.24"]
[SourceQuality "1"]

1. d4 d5 2. Nf3 Nf6 3. c4 c6 4. Nc3 e6 5. Bg5 h6 6. Bxf6 Qxf6 7. e3 Nd7 8. cxd5 exd5 9. Bd3 Bd6 10. Qc2 Nb6 11. Rc1 Bg4 12. Qe2 0-0 13. h3 Bh5 14. 0-0 Rae8 15. Qd1 Bb8 16. Be2 Qd6 17. g3 Bxf3 18. Bxf3 Nc4 19. Ne2 Nxb2 20. Qb3 Nc4 21. Rxc4 dxc4 22. Qxb7 c5 23. Rc1 cxd4 24. exd4 Re7 25. Qb5 Qa3 26. Rc3 Qxa2 27. Qxc4 Qxc4 28. Rxc4 a5 29. Nc3 Re1+ 30. Kg2 Rc1 31. Bd5 Bd6 32. Kf3 Bb4 33. Na4 Rxc4 34. Bxc4 Rc8 35. Bb5 Rc2 36. Ke3 Kf8 37. h4 Ke7 38. g4 Be1 39. Be2 Ra2 40. Nc5 a4 41. Bc4 Bxf2+ 42. Kf3 Rd2 43. Ne4 Rxd4 0-1